Cioran et compagnie (notice n° 1934786)
[ vue normale ]
| 000 -LEADER | |
|---|---|
| fixed length control field | 01119cam a2200133 4500500 |
| 005 - DATE AND TIME OF LATEST TRANSACTION | |
| control field | 20260329024549.0 |
| 041 ## - LANGUAGE CODE | |
| Language code of text/sound track or separate title | fre |
| 042 ## - AUTHENTICATION CODE | |
| Authentication code | dc |
| 100 10 - MAIN ENTRY--PERSONAL NAME | |
| Personal name | Jaccard, Roland |
| Relator term | author |
| 245 00 - TITLE STATEMENT | |
| Title | Cioran et compagnie |
| 260 ## - PUBLICATION, DISTRIBUTION, ETC. | |
| Name of publisher, distributor, etc. | Presses Universitaires de France,<br/> |
| Date of publication, distribution, etc. | 2005.<br/> |
| 520 ## - SUMMARY, ETC. | |
| Summary, etc. | «Le temps d’une vie, avez-vous fait bon voyage&#8239;? -- Moins pire que je ne l’imaginais. -- A quoi l’attribuez-vous&#8239;? -- A l’amitié que Cioran m’a portée, à l’audace que ses livres m’ont donnée. Et à la compagnie de quelques jeunes filles venues d’Extrême-Orient pour adoucir l’amertume des jours et donner un peu plus d’intensité à la volupté de l’éphémère. -- Qu’attendez-vous encore&#8239;? -- Que vous me laissiez en paix.»Voici en quelques lignes le ton général de ces pages désenchantées sur la vie, comment affronter la mort puisqu’il faut en finir avec la vie&#8239;? Une écriture en apparence frivole et indifférente, profondément grave. |
| 856 41 - ELECTRONIC LOCATION AND ACCESS | |
| Uniform Resource Identifier | <a href="https://shs.cairn.info/cioran-et-compagnie--9782130521457?lang=fr&redirect-ssocas=7080">https://shs.cairn.info/cioran-et-compagnie--9782130521457?lang=fr&redirect-ssocas=7080</a> |
Pas d'exemplaire disponible.




Réseaux sociaux